Hatred as a call for connection: Clinical perspectives on excess and expression (notice n° 2209410)

détails MARC
000 -LEADER
fixed length control field 01529cam a2200157 4500500
005 - DATE AND TIME OF LATEST TRANSACTION
control field 20260412000224.0
041 ## - LANGUAGE CODE
Language code of text/sound track or separate title fre
042 ## - AUTHENTICATION CODE
Authentication code dc
100 10 - MAIN ENTRY--PERSONAL NAME
Personal name Spöri, Tanja
Relator term author
245 00 - TITLE STATEMENT
Title Hatred as a call for connection: Clinical perspectives on excess and expression
260 ## - PUBLICATION, DISTRIBUTION, ETC.
Date of publication, distribution, etc. 2026.<br/>
500 ## - GENERAL NOTE
General note 14
520 ## - SUMMARY, ETC.
Summary, etc. An increasing number of children are referred to therapy because parents, schools, or social services say they can no longer contain them. Outbursts of anger, insults, blows, and expressions of hatred overwhelm the usual support systems. This article examines hatred not as a sign of individual pathology but as the expression of a relational and social overflow. Drawing on clinical vignettes and theoretical references, it shows how hatred traverses bodies, families, and institutions. The central hypothesis is that current educational responses, focused on the individualized management of emotions, tend to isolate affects that only take on meaning within relationships. Clinically, the challenge is therefore not to neutralize hatred but to welcome it as material to be symbolized within a shared space. The therapist’s role is to support this process by offering parents and children a containing framework where hatred can be recognized, thought through, and transformed.
786 0# - DATA SOURCE ENTRY
Note Cahiers de psychologie clinique | 66 | 1 | 2026-03-12 | p. 227-240 | 1370-074X
856 41 - ELECTRONIC LOCATION AND ACCESS
Uniform Resource Identifier <a href="https://shs.cairn.info/journal-cahiers-de-psychologie-clinique-2026-1-page-227?lang=en&redirect-ssocas=7080">https://shs.cairn.info/journal-cahiers-de-psychologie-clinique-2026-1-page-227?lang=en&redirect-ssocas=7080</a>

Pas d'exemplaire disponible.

PLUDOC

PLUDOC est la plateforme unique et centralisée de gestion des bibliothèques physiques et numériques de Guinée administré par le CEDUST. Elle est la plus grande base de données de ressources documentaires pour les Étudiants, Enseignants chercheurs et Chercheurs de Guinée.

Adresse

627 919 101/664 919 101

25 boulevard du commerce
Kaloum, Conakry, Guinée

Réseaux sociaux

Powered by Netsen Group @ 2025